Umělecká díla Obecního domu v Praze : průvodce /

Bibliographic Details
Main Author: Mašín, Jiří, active 1954-
Format: Book
Language:Czech
Published: Praha : Presidium Hlavního města Prahy, 1948
Edition:Vyd. 1.
Subjects:

MARC

Tag First Indicator Second Indicator Subfields
LEADER 00000cam a2200000 a 4500
001 in00001402647
005 20151020052129.0
008 971122s1948 xr a b l000 0 cze d
035 |a (OCoLC)37995081 
035 |9 AHM2722AM 
040 |a TXA  |c TXA  |d UtOrBLW 
043 |a e-xr--- 
049 |a TXAM 
090 |a DB2649.O24  |b M37 1948 
100 1 |a Mašín, Jiří,  |d active 1954- 
245 1 0 |a Umělecká díla Obecního domu v Praze :  |b průvodce /  |c Jiří Mašín. 
250 |a Vyd. 1. 
264 1 |a Praha :  |b Presidium Hlavního města Prahy,  |c 1948 
264 3 |a Praha :  |b Mladá fronta 
300 |a 28 pages :  |b illustrations ;  |c 18 cm. 
336 |a text  |b txt  |2 rdacontent 
337 |a unmediated  |b n  |2 rdamedia 
338 |a volume  |b nc  |2 rdacarrier 
504 |a Includes bibliographical references (page 27). 
541 0 |a Donated by Drs. Francis and Marianna Masin, 1997. 
610 2 0 |a Obecní dům hlavního města Prahy  |x Guidebooks. 
651 0 |a Prague (Czech Republic)  |v Guidebooks. 
650 0 |a Art, Czech  |z Prague  |z Czech Republic  |x Guidebooks. 
999 |a MARS 
999 f f |s 57bad0b6-70b5-3d1d-983a-ff2d0062da8e  |i 61cb8502-b8b4-3037-94cb-7cb95ab04616  |t 0 
952 f f |p ric  |a Texas A&M University  |b Rellis Campus  |c Joint Library Facility  |d Remote Storage  |t 0  |e DB2649.O24 M37 1948  |h Library of Congress classification  |i unmediated -- volume  |m A14822018199 
998 f f |a DB2649.O24 M37 1948  |t 0  |l Remote Storage